Kvalita vody v medzinárodných, európskych a slovenských technických normalizačných komisiách

Dokončenie článku z Vodohospodárskeho spravodajcu č. 10/01. Kvalita a ochrana vody. Metódam na hodnotenie kvality vody sa venuje Technická normalizačná komisia č. 27 (TNK). Kedy bola zriadená a ako pracuje.

Gespeichert in:
Bibliographische Detailangaben
1. Verfasser: Ondréšiková, Alena
Weitere Verfasser: Smiešková, Jana
Format: Buchkapitel
Sprache:Slowakisch
Schlagworte:
Tags: Tag hinzufügen
Keine Tags, Fügen Sie das erste Tag hinzu!

MARC

LEADER 00000naa a2200000 4500
001 r043626
005 20230720100204.6
041 0 |a slo 
044 |a SK 
245 1 0 |a Kvalita vody v medzinárodných, európskych a slovenských technických normalizačných komisiách  |c Alena Ondréšiková, Jana Smiešková 
520 |a Dokončenie článku z Vodohospodárskeho spravodajcu č. 10/01. Kvalita a ochrana vody. Metódam na hodnotenie kvality vody sa venuje Technická normalizačná komisia č. 27 (TNK). Kedy bola zriadená a ako pracuje. 
610 2 0 |a voda 
610 2 0 |a kvalita vody 
610 2 0 |a metódy 
610 2 0 |a ochrana vody 
610 2 0 |a Slovensko 
100 1 |a Ondréšiková, Alena 
700 1 |a Smiešková, Jana